Polarographie und Mechanismus der elektrochemischen Reduktion von cis- und trans-Tetrahydro-4(3H)-chinazolinonen

Elmentve itt :
Bibliográfiai részletek
Szerzők: Pricken A.
Stájer Géza
Szabó E. Angela
Fülöp Ferenc
Pflegel Peter
Bernáth Gábor
Dokumentumtípus: Cikk
Megjelent: 1990
Sorozat:Kolligátum
Kulcsszavak:Elektrokémia - szerves, Polarográfia, Heterociklusos vegyületek - szintézis, Szerves kémia - reakciómechanizmus, Sztereokémia
Online Access:http://misc.bibl.u-szeged.hu/28009
LEADER 00898nab a2200229 i 4500
001 misc28009
005 20191111110246.0
008 170929s1990 hu o 0|| zxx d
040 |a SZTE Miscellanea Repozitórium  |b hun 
041 |a zxx 
100 1 |a Pricken A. 
245 1 0 |a Polarographie und Mechanismus der elektrochemischen Reduktion von cis- und trans-Tetrahydro-4(3H)-chinazolinonen  |h [elektronikus dokumentum] /  |c  Pricken A. 
260 |c 1990 
300 |a 568-571 
490 0 |a Kolligátum 
695 |a Elektrokémia - szerves, Polarográfia, Heterociklusos vegyületek - szintézis, Szerves kémia - reakciómechanizmus, Sztereokémia 
700 0 1 |a Stájer Géza  |e aut 
700 0 1 |a Szabó E. Angela  |e aut 
700 0 1 |a Fülöp Ferenc  |e aut 
700 0 1 |a Pflegel Peter  |e aut 
700 0 1 |a Bernáth Gábor  |e aut 
856 4 0 |u http://misc.bibl.u-szeged.hu/28009/1/018_019_484-487.pdf  |z Dokumentum-elérés